00405 a2200145 4500010001400000020002300014035001300037037001500050082000600065100002100071245003400092260003500126270007500161300002300236 aENG-86447 a0143062190c195.00 aEN-69980 bDBAD / PUB14aN1 aFutehally, Shama1 aTara Lanecby Shama Futehally aNew DelhibPenguin Booksc2006 a11, Community Centre, Panchsheel ParkbNew DelhicWest Bengale110 017 a174 p.c20cm (Pbk)